COMPANY LAW SIMPLIFIED (Record no. 161720)
[ view plain ]
| 000 -LEADER | |
|---|---|
| fixed length control field | 00245nam a2200097Ia 4500 |
| 050 ## - LIBRARY OF CONGRESS CALL NUMBER | |
| Classification number | K 1315.4 .S 25 2009 C.1 |
| 100 ## - MAIN ENTRY--PERSONAL NAME | |
| Personal name | Saleemi, Nisar Ahmad |
| 245 #0 - TITLE STATEMENT | |
| Title | COMPANY LAW SIMPLIFIED |
| 942 ## - ADDED ENTRY ELEMENTS (KOHA) | |
| Koha item type | Long Loan Book |
| Withdrawn status | Lost status | Source of classification or shelving scheme | Damaged status | Not for loan | Collection | Home library | Current library | Date acquired | Inventory number | Total checkouts | Total renewals | Full call number | Barcode | Date last seen | Date last checked out | Copy number | Price effective from | Koha item type |
|---|---|---|---|---|---|---|---|---|---|---|---|---|---|---|---|---|---|---|
| Library of Congress Classification | Law | Kisii University Library | Kisii University Library | 09/15/2023 | 24639 | 3 | 2 | K 1315.4 .S25 2009 | 047965 | 12/15/2025 | 11/19/2025 | 1 | 09/15/2023 | Long Loan Book |